Ethnic factors in education, (Record no. 19325)
[ view plain ]
| 000 -LEADER | |
|---|---|
| fixed length control field | 00902cam a22002531 4500 |
| 001 - CONTROL NUMBER | |
| control field | e 12000672 |
| 003 - CONTROL NUMBER IDENTIFIER | |
| control field | DLC |
| 005 - DATE AND TIME OF LATEST TRANSACTION | |
| control field | 20260227111157.0 |
| 008 - FIXED-LENGTH DATA ELEMENTS--GENERAL INFORMATION | |
| fixed length control field | 790611r1905uuuuxx 000 0 eng c |
| 010 ## - LIBRARY OF CONGRESS CONTROL NUMBER | |
| LC control number | e 12000672 |
| 035 ## - SYSTEM CONTROL NUMBER | |
| System control number | (OCoLC)5056101 |
| 040 ## - CATALOGING SOURCE | |
| Original cataloging agency | U.S. off. of educ. Library |
| Transcribing agency | OCl |
| Modifying agency | OCoLC |
| -- | DLC |
| 042 ## - AUTHENTICATION CODE | |
| Authentication code | premarc |
| 050 00 - LIBRARY OF CONGRESS CALL NUMBER | |
| Classification number | LC189 |
| Item number | .H3 |
| 100 1# - MAIN ENTRY--PERSONAL NAME | |
| Personal name | Hewett, Edgar L. |
| Fuller form of name | (Edgar Lee), |
| Dates associated with a name | 1865-1946. |
| 245 10 - TITLE STATEMENT | |
| Title | Ethnic factors in education, |
| Statement of responsibility, etc. | by Edgar L. Hewett. |
| 260 ## - PUBLICATION, DISTRIBUTION, ETC. | |
| Place of publication, distribution, etc. | Lancaster, Pa., |
| Name of publisher, distributor, etc. | The New era printing company, |
| Date of publication, distribution, etc. | 1905. |
| 300 ## - PHYSICAL DESCRIPTION | |
| Extent | 16 p. |
| Dimensions | 25 cm. |
| 500 ## - GENERAL NOTE | |
| General note | Cover-title. |
| 500 ## - GENERAL NOTE | |
| General note | Read before the Section of social and economic sciences, A.A.A.S., at the Philadelphia meeting, December, 1904-January, 1905. |
| 500 ## - GENERAL NOTE | |
| General note | Reprinted from the American anthropologist (n.s.), vol. 7, no. 1, January-March, 1905. |
| 650 #0 - SUBJECT ADDED ENTRY--TOPICAL TERM | |
| Topical term or geographic name entry element | Education. |
| 650 #0 - SUBJECT ADDED ENTRY--TOPICAL TERM | |
| Topical term or geographic name entry element | Ethnology. |
No items available.